Plant physiology / (Record no. 75075)
[ view plain ]
| 000 -LEADER | |
|---|---|
| fixed length control field | 00881nam a22002891 4500 |
| 001 - CONTROL NUMBER | |
| control field | 75075 |
| 003 - CONTROL NUMBER IDENTIFIER | |
| rucl marc code | BD-RjUL |
| 005 - DATE AND TIME OF LATEST TRANSACTION | |
| control field | 20211209082636.0 |
| 008 - FIXED-LENGTH DATA ELEMENTS--GENERAL INFORMATION | |
| fixed length control field | 711020s1966 nyua b 000 0 eng |
| 035 ## - SYSTEM CONTROL NUMBER | |
| System control number | (BD-RjUL)75293 |
| 040 ## - CATALOGING SOURCE | |
| Original cataloging agency | DLC |
| Transcribing agency | DLC |
| Modifying agency | DLC |
| Language of cataloging | eng |
| 041 ## - LANGUAGE CODE | |
| Language code of text/sound track or separate title | eng |
| 082 00 - DEWEY DECIMAL CLASSIFICATION NUMBER | |
| Classification number | 571.2 THP 1956 |
| Edition number | 23 |
| Author mark and year | THP |
| 100 1# - MAIN ENTRY--PERSONAL NAME | |
| Personal name | Thomas, Meirion |
| 9 (RLIN) | 226252 |
| 245 00 - TITLE STATEMENT | |
| Title | Plant physiology / |
| Statement of responsibility, etc. | [by]Meirion Thomas ; with thecollaboration of S.L. Ranson and J.A.Richardson |
| 250 ## - EDITION STATEMENT | |
| Edition statement | 4rth ed. |
| 260 ## - PUBLICATION, DISTRIBUTION, ETC. (IMPRINT) | |
| Place of publication, distribution, etc. | London, |
| Name of publisher, distributor, etc. | J. & A. Churchill,. |
| Date of publication, distribution, etc. | 1956 [1960] |
| 300 ## - PHYSICAL DESCRIPTION | |
| Pagination | xii, 692 p. |
| Illustrations | illus. |
| Size | 24 cm. |
| 504 ## - BIBLIOGRAPHY, ETC. NOTE | |
| Bibliography, etc | Includes bibliographies. |
| 650 #0 - SUBJECT ADDED ENTRY--TOPICAL TERM | |
| Topical term or geographic name as entry element | Plant physiology. |
| 9 (RLIN) | 226253 |
| 700 ## - ADDED ENTRY--PERSONAL NAME | |
| Personal name | Ranson, S.L. |
| Personal name | Richardson, J.A. |
| 906 ## - LOCAL DATA ELEMENT F, LDF (RLIN) | |
| a | 7 |
| b | cbc |
| c | orignew |
| d | u |
| e | ocip |
| f | 19 |
| g | y-gencatlg |
| 942 ## - ADDED ENTRY ELEMENTS (KOHA) | |
| Source of classification or shelving scheme | Dewey Decimal Classification |
| Koha item type | Books |
| Lost status | Source of classification or shelving scheme | Damaged status | Not for loan | Collection code | Permanent Location | Current Location | Shelving location | Date acquired | Source of acquisition | Cost, normal purchase price | Total Checkouts | Full call number | Date last seen | Copy number | Koha item type |
|---|---|---|---|---|---|---|---|---|---|---|---|---|---|---|---|
| Dewey Decimal Classification | Not For Loan | Non-fiction | Central Library, University of Rajshahi | Central Library, University of Rajshahi | Reading Room | 17/06/1964 | Zeitlinger | 33.75 | 571.2 THP 1960 | 16/01/2019 | C-1 | Books | |||
| Dewey Decimal Classification | Non-fiction | Central Library, University of Rajshahi | Central Library, University of Rajshahi | 17/12/1964 | Eureka book Agency, rajshahi | 37.50 | 571.2 THP 1960 THP | 03/02/2019 | C-2 | Books |